Entre lágrimas y risas (Registro nro. 83754)
[ vista simple ]
| 000 -CABECERA | |
|---|---|
| Longitud fija campo de control | 00583nam a22001817a 4500 |
| 008 - DATOS DE LONGITUD FIJA--INFORMACIÓN GENERAL | |
| Códigos de información de longitud fija | 260327s1980 ag |||gr|||| 001 e spa d |
| 040 ## - FUENTE DE LA CATALOGACIÓN | |
| Centro catalogador de origen | EC-QuCCB |
| 082 ## - | |
| Número de clasificación | 895.14 |
| Número de documento | L7351 |
| 100 ## - ENTRADA PRINCIPAL--NOMBRE DE PERSONA | |
| Nombre de persona | Lin, Yutang, 1895-1976 |
| 9 (RLIN) | 4371 |
| 245 10 - MENCIÓN DE TÍTULO | |
| Título | Entre lágrimas y risas |
| Mención de responsabilidad, etc. | Lin Yutang ; traducción de Miguel de Hernani |
| 250 ## - MENCIÓN DE EDICIÓN | |
| Mención de edición | Decimocuarta edición |
| 260 ## - PUBLICACIÓN, DISTRIBUCIÓN, ETC. (PIE DE IMPRENTA) | |
| Lugar de publicación, distribución, etc. | Buenos Aires, Argentina : |
| Nombre del editor, distribuidor, etc. | Editorial Sudamericana, |
| Fecha de publicación, distribución, etc. | 1980 |
| 300 ## - DESCRIPCIÓN FÍSICA | |
| Extensión | 237 páginas ; |
| Dimensiones | 18 cm |
| 505 1# - NOTA DE CONTENIDO CON FORMATO | |
| Nota de contenido con formato | La situación -- El método -- Síntomas -- Diagnosis |
| 590 ## - NOTA LOCAL (RLIN) | |
| Nota local | jcc |
| 942 ## - ELEMENTOS DE PUNTO DE ACCESO ADICIONAL (KOHA) | |
| Koha [por defecto] tipo de item | Monografía |
| Suprimido | Perdido | Fuente de clasificación o esquema | Estropeado | No se presta | Koha Colección | Localización (Biblioteca) | Localización actual | Localización en estanterías | Fecha adquisición | Fuente de adquisición | Préstamos totales | Clasificación completa | Fecha última consulta | Número de ejemplar | Fecha del precio de reemplazo | Nota sin despliegue público (lost item payment) | Tipo de item de Koha |
|---|---|---|---|---|---|---|---|---|---|---|---|---|---|---|---|---|---|
| Disponible | Dewey Decimal Classification | Sin daños | LENGUAS y LITERATURA | Biblioteca y Archivo de la CCE | Biblioteca y Archivo de la CCE | LENGUAS y LITERATURA | 27/03/2026 | Donación Sr. Zapata | 895.14 L7351 | 27/03/2026 | Ej. 1 | 27/03/2026 | jcc | Monografía |























